Statistiques concernant Les clubs français ayant participé à la phase finale de la ldc

Cliquez ici pour prendre le quiz!

Statistiques générales

  • Ce quiz a été pris 370 fois
  • Le résultat moyen est 10 sur 12

Statistiques - réponses

HintRéponse% Correct
VainqueurOM/Marseille
100%
FinalPsg/Paris
100%
Demi-FinalOL/Lyon
98%
FinalMonaco
95%
Huitième-FinalLille
91%
Demi-FinalBordeaux
89%
FinalSaint-Etienne
89%
Demi-FinalNantes
83%
FinalReims
83%
Quart-FinalNice
80%
Quart-FinalAuxerre
63%
Quart-FinalStrasbourg
61%

Distribution des résultats

Percentile par nombre de réponses

% des personnes avec chaque résultat

Votre développement - résultats

Vous n’avez pas pris ce quiz